000 00638nam a2200205 i 4500
001 bg
100 1 _aUJMA, Janina
245 1 0 _aĆwiczenia laboratoryjne z chemii fizycznej (z elementami teorii) /
_cJanina Ujma, Maria Łysakowska ; Politechnika Częstochowska. - Cz.1.
260 _aCzęstochowa :
_bWydaw. PC,
_c1995.
300 _a137 s. :
_brys., wykr. ;
_c24 cm.
504 _aBibliogr. przy ćwicz.
650 9 _aChemia fizyczna
655 _aĆwiczenia i zadania
700 1 _aŁYSAKOWSKA, Maria
040 _cBPK
041 0 _apl
080 _a544(075.8)(076)
942 _cKS
008 s pl f |000 0 pol
999 _c24540
_d24540
856 _uhttp://koha.tu.koszalin.pl/cgi-bin/koha/opac-detail.pl?biblionumber=24540
_yKatalog online BPK